सफ़रनामा (Record no. 299136)

MARC details
000 -LEADER
fixed length control field 00898nam a2200253Ia 4500
003 - CONTROL NUMBER IDENTIFIER
control field OSt
005 - DATE AND TIME OF LATEST TRANSACTION
control field 20220923211411.0
008 - FIXED-LENGTH DATA ELEMENTS--GENERAL INFORMATION
fixed length control field 220922b |||||||| |||| 00| 0 hin d
020 ## - INTERNATIONAL STANDARD BOOK NUMBER
International Standard Book Number 97881906602013 (hbk)
037 ## - SOURCE OF ACQUISITION
Terms of availability Textual
040 ## - CATALOGING SOURCE
Original cataloging agency ARTS
Transcribing agency ARTS
Language of cataloging hin
041 ## - LANGUAGE CODE
Source of code hin
Language code of text/sound track or separate title hin
100 ## - MAIN ENTRY--PERSONAL NAME
Personal name सम्पत, सुभाष; शुक्ला, प्रज्ञा, अनु.
9 (RLIN) 160386
245 #0 - TITLE STATEMENT
Title सफ़रनामा
Remainder of title मुंबई
246 ## - VARYING FORM OF TITLE
Title proper/short title Saफ़ranāmā: muanbaī
260 ## - PUBLICATION, DISTRIBUTION, ETC.
Place of publication, distribution, etc. मुंबई
Name of publisher, distributor, etc. हिन्दुस्तानी प्रचार सभा
Date of publication, distribution, etc. 2008
300 ## - PHYSICAL DESCRIPTION
Extent 226पृ.
Dimensions cm.
942 ## - ADDED ENTRY ELEMENTS (KOHA)
Classification part V231, 152P8
Koha item type Textual
Source of classification or shelving scheme Colon Classification (CC)
Holdings
Withdrawn status Lost status Damaged status Not for loan Home library Current library Date acquired Total Checkouts Full call number Barcode Date last seen Price effective from Koha item type
        Arts Library Arts Library 2022-09-23   V231 152P8 AL1217682 2022-09-23 2022-09-23 Textual
Copyright @ Delhi University Library System